[Event "Asia-ch U20 Rapid"]
[Site "Shiraz"]
[Date "2017.05.02"]
[Round "1.7"]
[White "Soltani, Mohammad"]
[Black "Khodashenas, Mersad"]
[Result "0-1"]
[WhiteElo "1472"]
[BlackElo "2235"]
[PlyCount "120"]
[EventDate "2017.05.02"]
[EventType "swiss (rapid)"]
[EventRounds "7"]
[EventCountry "IRI"]
[SourceTitle "EXT 2024"]
[Source "ChessBase"]
[SourceDate "2023.10.10"]
[SourceVersion "1"]
[SourceVersionDate "2023.10.10"]
[SourceQuality "1"]

1. e4 c5 2. Nc3 Nc6 3. Bb5 Nd4 4. Bc4 g6 5. Nf3 Bg7 6. Nxd4 cxd4 7. Qf3 e6 8. Ne2 Ne7 9. d3 Nc6 10. Qg3 Qe7 11. 0-0 d5 12. Bb3 dxe4 13. dxe4 0-0 14. f4 a5 15. a4 b6 16. Rd1 Ba6 17. Qf2 Rad8 18. e5 Qc5 19. Ng3 Rd7 20. Ne4 Qe7 21. Nd6 Rfd8 22. Bc4 Bxc4 23. Nxc4 Qc5 24. b3 Bf8 25. Ba3 Nb4 26. Rd2 d3 27. c3 Qxf2+ 28. Kxf2 Nc2 29. Ra2 Nxa3 30. Nxa3 g5 31. g3 f6 32. Nc4 Bc5+ 33. Kf3 Rf8 34. Ke4 Rd5 35. Ra1 gxf4 36. gxf4 f5+ 37. Kf3 Rb8 38. Rad1 b5 39. axb5 Rxb5 40. Rxd3 Rxb3 41. Nxa5 Ra3 42. Nc4 Rxc3 43. Ke2 Rxc4 44. Rxd5 exd5 45. Rxd5 Kf7 46. Kd3 Rc1 47. Kd2 Ke6 48. Rd8 Rh1 49. Re8+ Be7 50. Kd3 Rxh2 51. Ra8 Kd5 52. Ra5+ Bc5 53. Ra8 Rh3+ 54. Ke2 Ke4 55. Ra4+ Bd4 56. Kf1 Rh6 57. Kg2 Rg6+ 58. Kh3 Kf3 59. Ra3+ Kxf4 60. Kh2 Bxe5 0-1